El sacerdote hombre de gracia y ministro de misericordia /

Gespeichert in:
Bibliographische Detailangaben
1. Verfasser: Romano Gómez, Miguel (autor)
Format: Buch
Sprache:Spanisch
Veröffentlicht: Guadalajara, México : Arquidiócesis de Guadalajara, Comisión Diocesana para la Formación Integral del Presbítero, fecha no identificada
Tags: Tag hinzufügen
Keine Tags, Fügen Sie das erste Tag hinzu!

MARC

LEADER 00000nam^a2200000^a^4500
001 000622974
005 20260220000000.0
009 20260310133929.028
037 |a Acervo Xavier Clavigero 
041 |a ESP 
091 |a FHG. 00157 
100 |a Romano Gómez, Miguel  |e (autor) 
245 1 3 |a El sacerdote hombre de gracia y ministro de misericordia / 
264 1 |a Guadalajara, México :  |b Arquidiócesis de Guadalajara, Comisión Diocesana para la Formación Integral del Presbítero,  |c fecha no identificada 
300 |a 55 p. 
336 |a texto  |b txt  |2 rdacontenido 
337 |a sin mediación  |b n  |2 rdamedio 
338 |a volumen  |b nc  |2 rdasoporte 
649 |a XX 
910 |a Fondo Humberto García Bedoy S.J. 
920 |a Impresos - Libros 
930 |a Fondos Especiales 
905 |a 148 
901 |a 622974-10  |b IT2  |c ESP  |i D  |u 20251023 
902 |a https://opac.biblio.iteso.mx/vufind/Record/000622974